Community mental health: Challenges for the 21st century (Record no. 31726)

MARC details
000 -LEADER
fixed length control field 00514nam a2200181Ia 4500
008 - FIXED-LENGTH DATA ELEMENTS--GENERAL INFORMATION
fixed length control field 230917s9999||||xx |||||||||||||| ||und||
020 ## - ISBN
Price GBP39.99
040 ## - CATALOGING SOURCE
-- 256393
Original cataloging agency VIVEKANANDA LIBRARY
041 ## - Language
-- English
082 ## - DDC NUMBER
Classification number 362.22 R723C(3)
100 ## - MAIN ENTRY--PERSONAL NAME
Personal name Rosenberg, Samuel J, ed.
245 #0 - TITLE STATEMENT
Title Community mental health: Challenges for the 21st century
250 ## - EDITION STATEMENT
Edition statement 3rd ed.
260 ## - PUBLICATION, DISTRIBUTION, ETC. (IMPRINT)
Place of publication, distribution, etc New York
Name of publisher, distributor, etc Routledge
Date of publication, distribution, etc 2018
300 ## - PHYSICAL DESCRIPTION
Pages xxvii, 357 p.
500 ## - GENERAL NOTE
General note 3510 17/07/2019 RBP19/76172 26/07/2019 Main Budget
942 ## - ADDED ENTRY ELEMENTS (KOHA)
Koha item type Books
Holdings
Withdrawn status Lost status Damaged status Not for loan Location (home branch) Sublocation or collection (holding branch) Date acquired Koha issues (times borrowed) Koha full call number Accession No. Koha date last seen Koha item type
        VIVEKANANDA LIBRARY VIVEKANANDA LIBRARY 03/10/2019   362.22 R723C(3) 384092 17/09/2023 Books
© Designed and Maintained by Vivekananda Library, MDU Rohtak